Statistics for Countries Closest to Cambodia - 30 Second Sprint

Click here to take the quiz!

General Stats

  • This quiz has been taken 43 times
  • The average score is 12 of 20

Answer Stats

kmcountrymiles% Correct
0Thailand0
94%
0Vietnam0
94%
773China480
86%
0Laos0
86%
405Malaysia252
77%
1090India678
74%
768Indonesia477
74%
324Myanmar201
74%
998Singapore620
63%
1606Taiwan998
60%
1330Bangladesh827
57%
1141Philippines709
51%
1111Brunei690
49%
1805Bhutan1122
46%
2060Nepal1280
40%
2337Sri Lanka1452
37%
2988Timor-Leste1857
37%
1943Japan1207
34%
2789South Korea1733
29%
3001Palau1864
11%

Score Distribution

Percentile by Number Answered

Percent of People with Each Score

Your Score History

You have not taken this quiz